Quizzes
Events
Quiz Creation
Community
Videos
Private Events
Remove Ads
Sign In
Join for FREE
Feedback
Dark Mode
Quiz Categories
Sports
Geography
Music
Movies
Television
Just For Fun
Miscellaneous
History
Literature
Language
Science
Gaming
Entertainment
Religion
Holiday
For Kids
Quiz Lab
Recent
Popular Today
Quiz Kudos Today
Editor Picks
Curator Picks
Quizzes by...
Day
Popularity
Type
Ratings
Length
Year
Community
Subscriptions
Recent Discussions
Orange Saloon
Badges
Playlists
Quests
Create
Leaderboards
Showdown
Live 5
Trivia Bingo
Activity
Puzzle Library
Sporcle Events
Private Events
Virtual Trivia
Globe League
Become a Host
Pub Owners
SporcleCon
Opinionation
Our Games
Videos
Blog
Mobile Apps
Partnerships
Remove Ads and Go Orange
Feedback
Music
Pop Music
The Beatles
Song
Album
Lyrics
Bands
Singers
Artist
Clip
Rock
Rap
Classical
Billboard
Country Music
Kpop
Taylor Swift
Music
Pop Music
The Beatles
Song
Album
Lyrics
Bands
Singers
Artist
Clip
Rock
Rap
Classical
Billboard
Country Music
Kpop
Taylor Swift
Random Quiz
Search Sporcle
×
Quiz Lab
Quiz Lab
Music
Album
Type in answers that appear in a list
Type in answers that appear in a list
Classic
Best Score? Go Orange.
Riot Grrrl Bands by Album Stats
Can you name the Riot Grrrl Bands by Album?
By
lani694
10m
20 Questions
192 Plays
192 Plays
192 Plays
Comments
Comments
Give Quiz Kudos
Give Quiz Kudos
-
- Ratings
hide this ad
Replay
Link that replays current quiz
Next Quiz
Link to next quiz in quiz playlist
You Got
0%
They Got
Avg Score
27%
Avg Friend Score
Upgrade to see
Score Distribution
Jump to the score distribution portion of the page
Score
0/20
Timer
10:00
0
Plays Today
Album
% Correct
Yeah Yeah Yeah Yeah
Bikini Kill
90.6%
Pretty On The Inside
Hole
76%
Ladies, Women & Girls
Bratmobile
71.9%
Painkillers
Babes in Toyland
49.5%
Calculated
Heavens to Betsy
49%
Viva Zapata!
7 Year Bitch
45.3%
Weaponry Listens to Love
Huggy Bear
27.6%
Sexless Demons and Scars
Jack Off Jill
27.6%
Binge & Purge
Lunachicks
26%
Frenching the Bully
The Gits
22.9%
Album
% Correct
Population: 1975
The Butchies
16.1%
Chocolate Revenge
Voodoo Queens
11.5%
That's Not What I Heard
Gossip
8.9%
Karate Hairdresser
Skinned Teen
7.8%
Hello Sir!
Lungleg
6.3%
Sew True
Tattle Tale
5.2%
[Self Titled]
Wild Flag
4.7%
Other Animals
Erase Errata
4.2%
The Transfused
The Need
2.1%
Goodbye America/
Get Back I'm Evil
Lolita Storm
1%
Quiz Playlist
Details
Report
Send in Message
Add To Playlist
Classic:
Type in answers that appear in a list
Last Updated: Feb 16, 2017
Quiz Scoreboard
CHALLENGE
Sign Up to Join the Scoreboard
Show All
Scores
Hide
Comments
May contain spoilers
Recently Published
Decade Duel: World Leaders
by jenniferyan
History
4m
Alphabetical 'K' Countries by Flag Minefield
by ylime102
Geography
3m
Pick 6: Fruits
by JohnFran
Miscellaneous
15s
More to Explore
Quiz From the Vault
Featured Blog Post
15 Basketball Trivia Facts You Can Be March Mad About
hide this ad
You Might Also Like...
Tags
Album Quiz
riot
Today's Top Quizzes in Music
Browse Music
hide this ad
Today's Top Quizzes in Album
Browse Album
Top Contributed Quizzes in Music
1
Taylor Swift All Songs (2024)
2
Taylor Swift Logic Puzzle
3
KPOP LOGIC QUIZ
4
Guess the Taylor Swift song (Mystery Song)
5
A Taylor Swift Logic Puzzle
6
Guess The Taylor Swift Lyrics Song #1
7
kpop group name match up
8
K-Pop : 100 Debut Songs (Part 1 of 3)
9
2 word kpop group match
10
Madness Songs By Image
Explore More
Trending Topics
Disney
Marvel
NBA
Anime
Crossword
Harry Potter
Kpop
The Office
Pokémon
WWE
NFL
Puzzle
Country
Song
Soccer
hide this ad
More By:
lani694
Quiz
Plays
Rating
Category
Featured
Created
40 British Royal Baby Names from the Past 300 Years
2,884
4.10
Miscellaneous
May 2, 2014
50 Different Visual Art Media
277
5.00
Miscellaneous
Feb 10, 2011
Pulitzer Prize-Winning Musicals
249
4.00
Entertainment
Feb 8, 2011
Riot Grrrl Bands by Album
192
3.25
Music
Jan 8, 2012
The 1000th Most Popular Baby Names 1980-2013
170
1.00
Miscellaneous
May 24, 2014
Go to Creator's Profile
Score Distribution
Quiz Creator Spotlight
lani694
Follow
Send a Message
Quizzes Created
-
Created Quiz Play Count
-
More By This Creator
Popular Quizzes Today
1
Countries of Asia Without Outlines Minefield
2
Find the US States - No Outlines Minefield
3
Pick 6: Fruits
4
Alphabetical 'K' Countries by Flag Minefield
5
The Countries of the World
6
Find the Countries of Europe - No Outlines Minefield
7
Find the US States
8
US States
More Music Quizzes
Rammstein effects
Quiz Lab
Trending Quizzes
Pick 6: Mountains
Pick 6: Harry Potter
Pick 6: Flags
Pick 6: NFL Teams
Pick 6: Movie Franchises
Recently Updated
Adaptations: Name the Title
pecheneg
NWSL Teams
pecheneg
Women's Final Four Teams by Year
bhenderson79
Presidents Quartet II
eogle
Anything But Clue(do)
eogle
Anything But Oceanian Capitals
eogle
Anything But 7
eogle
Anything But Thing
eogle
Word Ladder: February 29
pecheneg
Song Title Questions
pecheneg
Trending Topics
NBA
Crossword
Harry Potter
Marvel
Anime
Kpop
Disney
WWE
Country
Song
Soccer
Puzzle
The Office
NFL
Pokémon
Your Account Isn't Verified!
In order to create a playlist on Sporcle, you need to verify the email address you used during registration. Go to your
Sporcle Settings
to finish the process.
Report this User
Report this user for behavior that violates our
Community Guidelines
.
Details:
Send Report
Go to the Sporcle.com Mobile Site →
Comments